000 00614nam a2200229 i 4500
001 C2-0116159
003 PPAK
005 20180727105635.0
008 970716s1975 enk |||| ||||| | eng d
040 _aPPAK
_beng
_cPPAK
_erda
082 0 4 _a428.24
_223
090 0 0 _a428.24
_bMCA
_dG
100 1 _aMcArthur, Tom,
_eauthor
245 1 0 _aBuilding english words
264 1 _aLondon :
_bHarper Collins ,
_c1975
300 _a47 pages ;
_c21 cm
336 _2rdacontent
_atext
337 _2rdamedia
_aunmediated
338 _2rdacarrier
_avolume
650 1 0 _aEnglish language - word formation
942 _ddc
_cB
999 _c30386
_d30386